Представление документа в формате RUSMARC

ПолеНазваниеЗначение
  Тип записи a
  Библиографический уровень a
001 Контрольный номер RU/CBS_UL/BASE/571826963
005 Дата корректировки 20240209175221.5
100 Данные общей обработки __
a Данные общей обработки 20180213d2018 ||| 0rusy0189 ca
101 Язык документа 0_
a Язык текста rus
102 Страна публикации __
a Страна публикации RU
105 Кодированные данные (монография) __
a Кодированные данные (монография) y###||||000|y
200 Заглавие и сведения об ответственности 1_
a Заглавие Пошаговый алгоритм, который позволит учреждению культуры разработать и реализовать проект
b Общее обозначение материала Текст
e Сведения, относящиеся к заглавию [успешный проект]
f Первые сведения об ответственности А. Зеленова
300 Общие примечания __
a Общие примечания Ограничения по возрасту - 16+
461 Уровень набора _0
1 2000
a Справочник руководителя учреждения культуры
463 Уровень физической единицы _0
1 001RU/CBS_UL/BASE/571826725
1 2000
a № 2
v С. 28-35
1 210
d 2018
606 Тематические рубрики 0_
a Основная рубрика Проектная деятельность - Учреждения культуры - Российская Федерация
610 Ключевые слова 0_
a Ключевые слова проекты
610 Ключевые слова 0_
a Ключевые слова учреждения культуры
610 Ключевые слова 0_
a Ключевые слова проектная деятельность
686 Индексы других классификаций __
a Классификационный индекс 71
2 Код системы ББК
700 Автор _1
a Фамилия Зеленова
b Имя (инициалы) А.
801 Источник записи _0
a Страна RU
b Организация МБУК ЦБС г. Ульяновска
c Дата составления 20180213
g Правила каталогизации RCR
801 Источник записи _1
a Страна RU
b Организация МБУК ЦБС г. Ульяновска
c Дата составления 20180213
g Правила каталогизации RCR
901 Тип документа __
t Тип документа b
w Контрольный № источника RU/CBS_UL/BASE/571826725
910 Корректоры записи __
a Корректор записи Ильина
938 Служебная информация __
a Имя БД period